|
|
|
|
| LEADER |
01165cam a2200289 a 4500 |
| 001 |
0000092483 |
| 005 |
20080520090000.0 |
| 007 |
aRed Spot |
| 040 |
|
|
|a mod
|
| 041 |
|
|
|a eng
|
| 020 |
|
|
|a 9836244565
|
| 090 |
0 |
0 |
|a RS 499.233 KAM 2002
|
| 110 |
0 |
|
|a Dewan Bahasa dan Pustaka
|
| 245 |
0 |
0 |
|a Kamus Dewan
|c ketua editor Hajah Noresah bt. Baharom; editor Rusli Abdul Ghani...[et. al]
|
| 250 |
|
|
|a 3 ed.
|
| 260 |
|
|
|a Kuala Lumpur
|b Dewan Bahasa dan Pustaka
|c 1994
|
| 300 |
|
|
|a xliii, 1566 ms.
|c 23 cm
|
| 350 |
0 |
0 |
|a 40.5
|
| 650 |
0 |
0 |
|a Malay language
|x Dictionaries
|
| 700 |
0 |
|
|a Noresah bt. Baharom Rusli Abdul Ghani
|
| 999 |
0 |
0 |
|a 200512362
|
| 999 |
|
|
|a 1000005580
|b Maktab Pertahanan Angkatan Tentera
|d BOOKS
|e Umum
|f MPAT
|j AVAILABLE
|q GOOD CONDITION
|
| 999 |
|
|
|a B000000478
|b SPPTD
|d BOOKS
|e Umum
|f SPPTD
|j AVAILABLE
|q GOOD CONDITION
|
| 999 |
|
|
|a B000002576
|b INSKEP(SITU)
|d BOOKS
|e Umum
|f INSKEP (SITU)
|j AVAILABLE
|q GOOD CONDITION
|
| 999 |
|
|
|a B000003367
|b 2 DIV
|d BOOKS
|e Umum
|f 2 DIV
|j AVAILABLE
|q GOOD CONDITION
|
| 999 |
|
|
|a B000011362
|b PUSTAKMAR
|d BOOKS
|e Umum
|f PUSTAKMAR
|j AVAILABLE
|q GOOD CONDITION
|
| 999 |
|
|
|a B003693
|b STRIDE
|d BOOKS
|e Rujukan
|f STRIDE
|j AVAILABLE
|q GOOD CONDITION
|